[Event "VIE-chT"]
[Site "Hanoi"]
[Date "2023.04.21"]
[Round "6"]
[White "Dau, Khuong Duy"]
[Black "Phan, Ba Thanh Cong"]
[Result "1-0"]
[WhiteElo "2234"]
[BlackElo "1841"]
[PlyCount "76"]
[EventDate "2023.04.18"]
[EventType "swiss"]
[EventRounds "9"]
[EventCountry "VIE"]
[SourceTitle "EXT 2024"]
[Source "ChessBase"]
[SourceDate "2023.10.10"]
[SourceVersion "1"]
[SourceVersionDate "2023.10.10"]
[SourceQuality "1"]

1. e4 c6 2. d4 d5 3. e5 Bf5 4. h4 h5 5. c4 e6 6. Nc3 Nd7 7. Bg5 f6 8. exf6 gxf6 9. Be3 Qb6 10. Qd2 Ne7 11. Nge2 a6 12. Nf4 Ng6 13. Nxg6 Bxg6 14. a3 Qa5 15. Be2 b5 16. cxd5 cxd5 17. 0-0 Qb6 18. Rfe1 Kd8 19. Bf3 Bf7 20. Ne2 Rc8 21. Nf4 Bd6 22. Nd3 Rc4 23. b3 Rc6 24. g3 Qc7 25. Rac1 Rxc1 26. Rxc1 Qb6 27. b4 Ke7 28. Bg2 Ra8 29. Ne5 Be8 30. Nc6+ Kf8 31. Bf4 Be7 32. Bc7 Qxc7 33. Qh6+ Kf7 34. Qh7+ Kf8 35. Qxe7+ Kg8 36. Qxe6+ Bf7 37. Ne7+ Kf8 38. Ng6+ Kg7 1-0

[Event "VIE-chT"]
[Site "Hanoi"]
[Date "2023.04.20"]
[Round "4"]
[White "Cao, Sang"]
[Black "Phan, Ba Thanh Cong"]
[Result "1-0"]
[WhiteElo "2376"]
[BlackElo "1841"]
[PlyCount "149"]
[EventDate "2023.04.18"]
[EventType "swiss"]
[EventRounds "9"]
[EventCountry "VIE"]
[SourceTitle "EXT 2024"]
[Source "ChessBase"]
[SourceDate "2023.10.10"]
[SourceVersion "1"]
[SourceVersionDate "2023.10.10"]
[SourceQuality "1"]

1. e4 c6 2. d4 d5 3. e5 Bf5 4. Nd2 e6 5. Ngf3 c5 6. dxc5 Bxc5 7. Nb3 Bb6 8. Nfd4 Ne7 9. Bb5+ Nd7 10. Bg5 Bg6 11. f4 a6 12. Bd3 Bxd4 13. Nxd4 Qb6 14. Bxe7 Kxe7 15. Be2 Rhc8 16. b3 Rc3 17. Qd2 Rac8 18. Rc1 Qc5 19. 0-0 Bxc2 20. Rf3 Rxf3 21. gxf3 Qb6 22. Kg2 Rg8 23. Nxc2 g5 24. f5 Nxe5 25. fxe6 fxe6 26. Qb4+ Qxb4 27. Nxb4 Kd6 28. Nd3 Nd7 29. b4 Rg7 30. Kf2 Nb6 31. Nc5 Rf7 32. Ke3 Rc7 33. a3 h6 34. Kd2 a5 35. Rh1 axb4 36. axb4 d4 37. h4 Nd5 38. hxg5 hxg5 39. Ne4+ Ke5 40. Rg1 Nxb4 41. Rxg5+ Kf4 42. Rg4+ Ke5 43. Bd3 Nxd3 44. Kxd3 b5 45. Rh4 Rf7 46. Nd2 Rf4 47. Rh8 Rf7 48. Rb8 Kf4 49. Rxb5 e5 50. Rb8 Rf5 51. Rg8 Rf6 52. Rh8 Rf7 53. Rh4+ Kf5 54. Nc4 Ra7 55. Re4 Ra1 56. Nxe5 Rd1+ 57. Ke2 Ra1 58. Nd3 Ra2+ 59. Kf1 Ra4 60. Kf2 Rc4 61. Kg3 Ra4 62. Nf4 Rc4 63. Ne6 Rc1 64. Nxd4+ Kg5 65. Re5+ Kg6 66. Ne2 Rc4 67. Re4 Rc2 68. Kg4 Kf6 69. f4 Rc5 70. Ra4 Rc6 71. Ng3 Rb6 72. Ne4+ Kg6 73. Rd4 Rb5 74. f5+ Kg7 75. Kg5 1-0

[Event "VIE-chT"]
[Site "Ho Chi Minh City"]
[Date "2019.09.29"]
[Round "5.4"]
[White "Nguyen, Huynh Minh Huy"]
[Black "Phan, Ba Thanh Cong"]
[Result "1-0"]
[WhiteElo "2413"]
[BlackElo "1841"]
[PlyCount "82"]
[EventDate "2019.09.26"]
[EventType "team-swiss"]
[EventRounds "9"]
[EventCountry "VIE"]
[SourceTitle "EXT 2020"]
[Source "ChessBase"]
[SourceDate "2019.10.17"]
[SourceVersion "1"]
[SourceVersionDate "2019.10.17"]
[SourceQuality "1"]

1. d4 d5 2. c4 e6 3. Nc3 Nf6 4. cxd5 exd5 5. Bg5 Be7 6. e3 h6 7. Bh4 c6 8. Bd3 Bg4 9. f3 Bc8 10. Qc2 Nbd7 11. Nge2 0-0 12. 0-0 Re8 13. Kh1 Nf8 14. Bf2 Bd7 15. e4 dxe4 16. fxe4 Rc8 17. Bg1 c5 18. e5 N6h7 19. Qb3 Ng5 20. Bc4 cxd4 21. Nxd4 Nge6 22. Nf5 Bc6 23. Rad1 Qa5 24. Nd5 Bxd5 25. Bxd5 Qc7 26. Qf3 Ng5 27. Qg3 Bb4 28. a3 Bc5 29. Bxc5 Qxc5 30. h4 Rcd8 31. b4 Qb5 32. a4 Qe2 33. Bxf7+ Kh8 34. Rde1 Qd2 35. hxg5 Rd3 36. Qf4 Qxf4 37. Rxf4 hxg5 38. Rg4 Rc8 39. Rxg5 g6 40. Bxg6 Nxg6 41. Rxg6 Rf8 1-0

[Event "VIE-chT"]
[Site "Ho Chi Minh City"]
[Date "2019.09.26"]
[Round "1.41"]
[White "Phan, Xuan Tu"]
[Black "Phan, Ba Thanh Cong"]
[Result "0-1"]
[WhiteElo "1895"]
[BlackElo "1841"]
[PlyCount "54"]
[EventDate "2019.09.26"]
[EventType "team-swiss"]
[EventRounds "9"]
[EventCountry "VIE"]
[SourceTitle "EXT 2020"]
[Source "ChessBase"]
[SourceDate "2019.10.17"]
[SourceVersion "1"]
[SourceVersionDate "2019.10.17"]
[SourceQuality "1"]

1. d4 Nf6 2. Nf3 e6 3. c4 d5 4. g3 Be7 5. Qc2 0-0 6. Bg2 c6 7. 0-0 b6 8. Rd1 Bb7 9. b3 Nbd7 10. Nc3 Rc8 11. e4 dxe4 12. Nxe4 c5 13. Nc3 cxd4 14. Rxd4 Bc5 15. Rd1 h6 16. Bf4 Ng4 17. Rd2 Qe7 18. Ng5 hxg5 19. Bxb7 gxf4 20. Bxc8 Rxc8 21. Qe4 Nxf2 22. Rxf2 fxg3 23. hxg3 Qf6 24. Qf4 Bxf2+ 25. Kxf2 Qxc3 26. Rd1 Nf6 27. Rd2 Qxd2+ 0-1

[Event "VIE-ch U20"]
[Site "Hai Phong"]
[Date "2018.07.11"]
[Round "5"]
[White "Le, Nguyen Khoi Nguyen"]
[Black "Phan, Ba Thanh Cong"]
[Result "1-0"]
[WhiteElo "1752"]
[BlackElo "1734"]
[PlyCount "83"]
[EventDate "2018.07.07"]
[EventType "swiss"]
[EventRounds "7"]
[EventCountry "VIE"]
[SourceTitle "EXT 2019"]
[Source "ChessBase"]
[SourceDate "2018.10.10"]
[SourceVersion "1"]
[SourceVersionDate "2018.10.10"]
[SourceQuality "1"]

1. e4 c5 2. Nf3 d6 3. d4 cxd4 4. Nxd4 Nf6 5. f3 Qb6 6. c4 Nc6 7. Nc2 e6 8. Nc3 Be7 9. Be3 Qxb2 10. Nb5 0-0 11. Be2 Qe5 12. 0-0 b6 13. f4 Qxe4 14. Bd3 Bb7 15. Bxe4 Nxe4 16. Rc1 Na5 17. f5 e5 18. Nb4 Rac8 19. Nd5 Bd8 20. Qd3 Nc5 21. Bxc5 Rxc5 22. Nxd6 Bg5 23. Ne4 Bxd5 24. Nxc5 Bc6 25. Nb3 Nb7 26. Qg3 Bf6 27. Rcd1 Rc8 28. c5 bxc5 29. Rc1 Bb5 30. Qf3 Bc6 31. Qe2 e4 32. Rfd1 Be7 33. f6 Bxf6 34. Nxc5 h6 35. Nxb7 Bxb7 36. Rxc8+ Bxc8 37. Qxe4 Be6 38. Rb1 g6 39. a4 Kg7 40. Rb7 Ba2 41. Rxa7 h5 42. a5 1-0

[Event "VIE-chT"]
[Site "Ho Chi Minh City"]
[Date "2017.07.28"]
[Round "8.22"]
[White "Vu, Phi Hung"]
[Black "Phan, Ba Thanh Cong"]
[Result "0-1"]
[WhiteElo "2022"]
[BlackElo "1841"]
[PlyCount "92"]
[EventDate "2017.07.24"]
[EventType "team-swiss"]
[EventRounds "9"]
[EventCountry "VIE"]
[SourceTitle "EXT 2019"]
[Source "ChessBase"]
[SourceDate "2018.10.10"]
[SourceVersion "1"]
[SourceVersionDate "2018.10.10"]
[SourceQuality "1"]

1. e4 c5 2. Nf3 d6 3. d4 cxd4 4. Nxd4 Nf6 5. Nc3 a6 6. Be2 e6 7. Be3 Be7 8. 0-0 0-0 9. f4 Qc7 10. Bf3 Nbd7 11. g4 Rb8 12. g5 Ne8 13. a4 b6 14. Bg2 Bb7 15. Rf3 g6 16. Rh3 Ng7 17. Qg4 Rfe8 18. Rf1 Bd8 19. Qh4 h5 20. f5 exf5 21. exf5 Bxg2 22. Kxg2 Qb7+ 23. Kg1 Ne5 24. Qf4 Ng4 25. f6 Ne6 26. Nxe6 Rxe6 27. Bd4 b5 28. axb5 axb5 29. b4 Bb6 30. Rd3 Re5 31. h3 Rf5 32. hxg4 Rxf4 33. Rxf4 Re8 34. Bxb6 Qxb6+ 35. Kf1 Qc6 36. Kg1 Re1+ 37. Rf1 Re5 38. Rf4 Rxg5 39. Ne4 Rxg4+ 40. Rxg4 hxg4 41. Nf2 Qxc2 42. Rxd6 g3 43. Ng4 Qc1+ 44. Kg2 Qf4 45. Rd8+ Kh7 46. Kh3 g2 0-1